[Event "Oslo Sveins op 6th"]
[Site "Oslo"]
[Date "2013.06.23"]
[Round "5"]
[White "Ostby, Martin Bergsjo"]
[Black "Davis, Katherine"]
[Result "1-0"]
[WhiteElo "1872"]
[BlackElo "1637"]
[PlyCount "73"]
[EventDate "2013.06.21"]
[EventType "swiss"]
[EventRounds "9"]
[EventCountry "NOR"]
[SourceTitle "CBM 155 Extra"]
[Source "ChessBase"]
[SourceDate "2013.08.26"]
[SourceVersion "1"]
[SourceVersionDate "2013.08.26"]
[SourceQuality "1"]

1. e4 c5 2. Nf3 e6 3. d4 cxd4 4. Nxd4 a6 5. Nc3 Qc7 6. Bd3 Nf6 7. 0-0 Be7 8. Qe2 d6 9. Nb3 0-0 10. Kh1 b5 11. f4 Nbd7 12. Be3 Bb7 13. a3 Rac8 14. Rf3 Nc5 15. Bg1 Rfd8 16. Rh3 Nfd7 17. Nxc5 dxc5 18. e5 Nf8 19. Bxh7+ Nxh7 20. Qh5 Kf8 21. Qxh7 Ke8 22. Qxg7 Bf8 23. Rh8 Ke7 24. Qf6+ Ke8 25. Bf2 Rd2 26. Rg8 c4 27. Bh4 Qc5 28. f5 exf5 29. e6 Rc7 30. exf7+ Rxf7 31. Re1+ Be4 32. Nxe4 Rxf6 33. Nxc5+ Kf7 34. Rxf8+ Kxf8 35. Bxf6 Rxc2 36. Nxa6 Kf7 37. Bc3 1-0

[Event "Oslo Sveins op 6th"]
[Site "Oslo"]
[Date "2013.06.21"]
[Round "9"]
[White "Johnsen, Sylvia"]
[Black "Ostby, Martin Bergsjo"]
[Result "0-1"]
[WhiteElo "2010"]
[BlackElo "1872"]
[PlyCount "64"]
[EventDate "2013.06.21"]
[EventType "swiss"]
[EventRounds "9"]
[EventCountry "NOR"]
[SourceTitle "CBM 155 Extra"]
[Source "ChessBase"]
[SourceDate "2013.08.26"]
[SourceVersion "1"]
[SourceVersionDate "2013.08.26"]
[SourceQuality "1"]

1. e4 c5 2. Nf3 e6 3. c3 Nf6 4. e5 Nd5 5. d4 cxd4 6. cxd4 d6 7. Nc3 Nxc3 8. bxc3 Nc6 9. exd6 Bxd6 10. Bd3 h6 11. 0-0 0-0 12. Re1 Bd7 13. Bc2 Ne7 14. Qd3 Ng6 15. Ne5 Bxe5 16. Rxe5 Ba4 17. Bb1 Rc8 18. Rh5 Bc6 19. Qh3 f5 20. Bc2 Bd5 21. Bxh6 gxh6 22. Rxh6 Qg5 23. Bb3 Rxc3 24. f4 Rxh3 25. fxg5 Rxh6 26. gxh6 Ne7 27. Re1 Kf7 28. Re3 Rh8 29. Rh3 Bxb3 30. Rxb3 b6 31. Rh3 a5 32. a4 Nd5 0-1

[Event "Fagernes Norsk op"]
[Site "Fagernes"]
[Date "2013.03.24"]
[Round "3"]
[White "Ostby, Martin Bergsjo"]
[Black "Takle, Dan"]
[Result "0-1"]
[WhiteElo "1868"]
[BlackElo "2181"]
[PlyCount "44"]
[EventDate "2013.03.24"]
[EventType "swiss"]
[EventRounds "9"]
[EventCountry "NOR"]
[SourceTitle "CBM 153 Extra"]
[Source "ChessBase"]
[SourceDate "2013.04.22"]
[SourceVersion "1"]
[SourceVersionDate "2013.04.22"]
[SourceQuality "1"]

1. e4 e6 2. d4 d5 3. exd5 exd5 4. Bd3 Nc6 5. Nf3 Bg4 6. c3 Bd6 7. 0-0 Qd7 8. Nbd2 0-0-0 9. Qa4 Kb8 10. Bb5 Nge7 11. Ne5 Bxe5 12. dxe5 f6 13. Nb3 Qc8 14. exf6 gxf6 15. Nc5 Rhg8 16. Bf4 Ne5 17. Bg3 h5 18. Qf4 h4 19. Bxh4 N7g6 20. Qb4 Nxh4 21. Ba6 Bf3 22. g3 d4 0-1

[Event "Wch U12"]
[Site "Maribor"]
[Date "2012.11.16"]
[Round "9.31"]
[White "Sheng, Joshua"]
[Black "Ostby, Martin Bergsjo"]
[Result "1/2-1/2"]
[WhiteElo "1994"]
[BlackElo "1845"]
[PlyCount "84"]
[EventDate "2012.11.08"]
[EventType "swiss"]
[EventRounds "11"]
[EventCountry "SLO"]
[SourceTitle "EXT 2013"]
[Source "ChessBase"]
[SourceDate "2012.11.22"]
[SourceVersion "1"]
[SourceVersionDate "2012.11.22"]
[SourceQuality "1"]

1. e4 e5 2. Nf3 Nc6 3. Bc4 Bc5 4. 0-0 d6 5. d3 Bg4 6. c3 Bb6 7. Be3 h6 8. Nbd2 Nge7 9. h3 Bh5 10. Re1 Qd7 11. Nf1 Bg6 12. Ng3 0-0 13. Bb3 Rae8 14. Bxb6 axb6 15. Nh4 Na5 16. Bc2 c5 17. Nf1 f5 18. Ne3 fxe4 19. dxe4 Rd8 20. Nxg6 Nxg6 21. Re2 Nf4 22. Rd2 Kh8 23. Bb3 Nxb3 24. axb3 Rf6 25. Kh2 Rg6 26. Qf1 Qc6 27. f3 Qd7 28. Rad1 Qc7 29. g3 Nh5 30. Nf5 Re6 31. Qc4 Rf6 32. Kg2 Kh7 33. b4 Kh8 34. bxc5 bxc5 35. Rd5 Qf7 36. Rxc5 Qg6 37. Rc8 Rxc8 38. Qxc8+ Kh7 39. h4 d5 40. g4 Rb6 41. Kh1 Rxb2 42. Rg1 Nf4 1/2-1/2

[Event "Wch U12"]
[Site "Maribor"]
[Date "2012.11.10"]
[Round "3.23"]
[White "Ostby, Martin Bergsjo"]
[Black "Moy, Kevin"]
[Result "1/2-1/2"]
[WhiteElo "1845"]
[BlackElo "2052"]
[PlyCount "68"]
[EventDate "2012.11.08"]
[EventType "swiss"]
[EventRounds "11"]
[EventCountry "SLO"]
[SourceTitle "EXT 2013"]
[Source "ChessBase"]
[SourceDate "2012.11.22"]
[SourceVersion "1"]
[SourceVersionDate "2012.11.22"]
[SourceQuality "1"]

1. e4 c5 2. Nf3 d6 3. d4 cxd4 4. Nxd4 Nf6 5. Nc3 a6 6. Be2 e5 7. Nb3 Be7 8. Be3 Be6 9. 0-0 0-0 10. f4 exf4 11. Bxf4 Qc7 12. Nd5 Nxd5 13. exd5 Bf5 14. Nd4 Bg6 15. Be3 Bf6 16. c3 Nd7 17. Nf5 Rfe8 18. Qd2 Re5 19. Ng3 Rae8 20. Bf4 R5e7 21. Bd3 Qc5+ 22. Kh1 Bxd3 23. Qxd3 Ne5 24. Bxe5 Rxe5 25. Rad1 Re3 26. Qf5 R8e5 27. Qf4 Kh8 28. a3 h6 29. Nf5 R3e4 30. Qf3 Re8 31. Nxh6 Rh4 32. Nxf7+ Kg8 33. Ng5 Re3 34. Qf2 Bxg5 1/2-1/2

[Event "Oslo Elo op"]
[Site "Oslo"]
[Date "2012.09.30"]
[Round "9"]
[White "Ostby, Martin Bergsjo"]
[Black "Andersen, Dag"]
[Result "1-0"]
[WhiteElo "1831"]
[BlackElo "1904"]
[PlyCount "147"]
[EventDate "2012.09.30"]
[EventType "swiss"]
[EventRounds "9"]
[EventCountry "NOR"]
[SourceTitle "EXT 2013"]
[Source "ChessBase"]
[SourceDate "2012.11.22"]
[SourceVersion "1"]
[SourceVersionDate "2012.11.22"]
[SourceQuality "1"]

1. e4 e5 2. Nf3 Nc6 3. Bc4 Bc5 4. c3 Nf6 5. d3 d6 6. 0-0 a6 7. Nbd2 h6 8. Bb3 0-0 9. Bc2 Re8 10. Nb3 Ba7 11. Be3 Bd7 12. Re1 Bxe3 13. fxe3 Ne7 14. Nbd2 Ng6 15. Nf1 Qc8 16. a4 Rb8 17. b4 Bg4 18. N1d2 c6 19. Qb1 d5 20. d4 Bxf3 21. gxf3 Qh3 22. Re2 dxe4 23. fxe4 Nh4 24. Qf1 Qg4+ 25. Kh1 exd4 26. exd4 Nh5 27. Rae1 Re6 28. Qg1 Qxg1+ 29. Rxg1 Rg6 30. Bb3 Rxg1+ 31. Kxg1 Nf4 32. Re3 g5 33. Kf2 Re8 34. Nc4 Kg7 35. Nd6 Re7 36. e5 Kf8 37. a5 Kg7 38. Bd1 Kf8 39. Bg4 Ne6 40. Kg3 Kg7 41. Re2 Kh7 42. Rf2 Nd8 43. Rf6 Kg7 44. h3 Kh7 45. Bf5+ Nxf5+ 46. Rxf5 Kg7 47. h4 gxh4+ 48. Kxh4 Re6 49. Kh5 Rg6 50. Rf4 Rg5+ 51. Kh4 Rg6 52. Rg4 Kf8 53. Kh5 Kg7 54. Nf5+ Kh7 55. Ne7 Re6 56. Nf5 Rg6 57. Nh4 Rxg4 58. Kxg4 Ne6 59. Nf5 Kg6 60. Nd6 Nd8 61. Kh4 f5 62. c4 h5 63. d5 cxd5 64. cxd5 f4 65. e6 Kf6 66. Kxh5 Nxe6 67. Ne4+ Ke5 68. dxe6 Kxe6 69. Kg4 f3 70. Kxf3 Kd5 71. Nc5 Kc4 72. Nxb7 Kxb4 73. Ke4 Kc4 74. Ke5 1-0

[Event "Oslo Elo op"]
[Site "Oslo"]
[Date "2012.09.30"]
[Round "4"]
[White "Ostby, Martin Bergsjo"]
[Black "Jacobsen, Trond"]
[Result "1/2-1/2"]
[WhiteElo "1831"]
[BlackElo "1604"]
[PlyCount "87"]
[EventDate "2012.09.30"]
[EventType "swiss"]
[EventRounds "9"]
[EventCountry "NOR"]
[SourceTitle "EXT 2013"]
[Source "ChessBase"]
[SourceDate "2012.11.22"]
[SourceVersion "1"]
[SourceVersionDate "2012.11.22"]
[SourceQuality "1"]

1. e4 c5 2. c3 d6 3. d4 cxd4 4. cxd4 e6 5. Nc3 Nf6 6. Bd2 Be7 7. Nf3 a6 8. Bd3 b5 9. a3 Bb7 10. 0-0 Nbd7 11. Qe1 e5 12. Rc1 0-0 13. h3 Qb6 14. Be3 Qa5 15. d5 Rfc8 16. Nd2 Qd8 17. f4 Nc5 18. Bc2 Qf8 19. f5 Bd8 20. b4 Ncd7 21. Bd3 Bb6 22. Bxb6 Nxb6 23. g4 h6 24. h4 Qd8 25. Rf2 Nh7 26. Rh2 Na4 27. Ndb1 Nb6 28. Rhc2 Nd7 29. Qe3 Qb6 30. Qxb6 Nxb6 31. Nd2 Rc7 32. Nb3 Rac8 33. Nb1 Rxc2 34. Rxc2 Rxc2 35. Bxc2 Nc4 36. Kf2 Nf6 37. g5 hxg5 38. hxg5 Nh7 39. N1d2 Nxd2 40. Nxd2 Nxg5 41. Nb3 Kf8 42. Na5 Bc8 43. Ke3 Ke8 44. a4 1/2-1/2

[Event "Oslo Elo op"]
[Site "Oslo"]
[Date "2012.09.30"]
[Round "3"]
[White "Torgersen, Terje"]
[Black "Ostby, Martin Bergsjo"]
[Result "1-0"]
[WhiteElo "2012"]
[BlackElo "1831"]
[PlyCount "37"]
[EventDate "2012.09.30"]
[EventType "swiss"]
[EventRounds "9"]
[EventCountry "NOR"]
[SourceTitle "EXT 2013"]
[Source "ChessBase"]
[SourceDate "2012.11.22"]
[SourceVersion "1"]
[SourceVersionDate "2012.11.22"]
[SourceQuality "1"]

1. e4 e5 2. Nf3 Nc6 3. Bb5 a6 4. Ba4 Nf6 5. d4 exd4 6. 0-0 Be7 7. Re1 0-0 8. e5 Nd5 9. Nxd4 Nb6 10. Bb3 Nxd4 11. Qxd4 d5 12. c3 Be6 13. Bc2 Bg5 14. f4 Bh6 15. f5 Bxc1 16. Rxc1 Bd7 17. f6 Re8 18. Qh4 h6 19. Qg3 1-0

[Event "Oslo Elo op"]
[Site "Oslo"]
[Date "2012.09.30"]
[Round "8"]
[White "Yilmaz, Kazim"]
[Black "Ostby, Martin Bergsjo"]
[Result "0-1"]
[WhiteElo "1644"]
[BlackElo "1831"]
[PlyCount "56"]
[EventDate "2012.09.30"]
[EventType "swiss"]
[EventRounds "9"]
[EventCountry "NOR"]
[SourceTitle "EXT 2013"]
[Source "ChessBase"]
[SourceDate "2012.11.22"]
[SourceVersion "1"]
[SourceVersionDate "2012.11.22"]
[SourceQuality "1"]

1. d4 Nf6 2. c4 g6 3. Nc3 Bg7 4. e4 d6 5. Nf3 0-0 6. Be2 e5 7. d5 Nbd7 8. 0-0 Nc5 9. Qc2 a5 10. Be3 b6 11. Bxc5 bxc5 12. a4 Nh5 13. g3 Bh3 14. Rfd1 h6 15. Ne1 Nf6 16. Ng2 Nh7 17. f3 f5 18. Bf1 Ng5 19. Ne1 fxe4 20. Bxh3 Nxh3+ 21. Kg2 exf3+ 22. Kxh3 Qg5 23. Qe4 Qh5+ 24. Qh4 f2 25. Ng2 Qf5+ 26. g4 Qc2 27. Rf1 Rf3+ 28. Qg3 Rxg3+ 0-1

[Event "Oslo Sveins op 5th"]
[Site "Oslo"]
[Date "2012.06.25"]
[Round "6"]
[White "Ostby, Martin Bergsjo"]
[Black "Diaz, Linda Victoria"]
[Result "1/2-1/2"]
[WhiteElo "1734"]
[BlackElo "2007"]
[PlyCount "63"]
[EventDate "2012.06.22"]
[EventType "swiss"]
[EventRounds "9"]
[EventCountry "NOR"]
[SourceTitle "CBM 149 Extra"]
[Source "ChessBase"]
[SourceDate "2012.08.24"]
[SourceVersion "1"]
[SourceVersionDate "2012.08.24"]
[SourceQuality "1"]

1. e4 c5 2. c3 d5 3. exd5 Qxd5 4. d4 Nc6 5. Nf3 Bg4 6. Be2 cxd4 7. cxd4 e6 8. Nc3 Qa5 9. Qb3 Qb4 10. Qxb4 Bxb4 11. 0-0 Nge7 12. Be3 Rd8 13. Rfd1 0-0 14. h3 Bh5 15. a3 Ba5 16. b4 Bc7 17. Rd2 Nf5 18. g4 Nxe3 19. fxe3 Bg6 20. Nh4 Ne7 21. Rad1 Rc8 22. Nxg6 Nxg6 23. Rc2 e5 24. Bd3 exd4 25. Bxg6 fxg6 26. exd4 Rf3 27. Nd5 Rg3+ 28. Rg2 Rxg2+ 29. Kxg2 Bd8 30. Rd3 Kf7 31. Kf3 Rc1 32. Ke4 1/2-1/2

[Event "NOR-ch U11"]
[Site "Oslo"]
[Date "2011.11.??"]
[Round "2"]
[White "Ostby, Martin Bergsjo"]
[Black "Greibrokk, Ingrid Andrea"]
[Result "1-0"]
[WhiteElo "1357"]
[BlackElo "785"]
[PlyCount "91"]
[EventDate "2011.11.25"]
[EventType "swiss"]
[EventRounds "7"]
[EventCountry "NOR"]
[SourceTitle "EXT 2024"]
[Source "ChessBase"]
[SourceDate "2023.10.10"]
[SourceVersion "1"]
[SourceVersionDate "2023.10.10"]
[SourceQuality "1"]

1. d4 c5 2. e3 e6 3. Nf3 Nc6 4. c4 Nf6 5. Nc3 cxd4 6. exd4 Bb4 7. a3 Bxc3+ 8. bxc3 0-0 9. Bd3 Re8 10. 0-0 b6 11. Re1 Ba6 12. Bg5 Rb8 13. Ne5 h6 14. Bh4 g5 15. Bg3 Rc8 16. Qf3 Bb7 17. Qe3 d6 18. Nxc6 Bxc6 19. f4 Ng4 20. Qe2 f5 21. Qc2 gxf4 22. Bxf4 Qh4 23. Bg3 Qg5 24. Qc1 Qxc1 25. Raxc1 Rcd8 26. h3 Nf6 27. Bh4 Kf7 28. Re2 Rd7 29. d5 exd5 30. Rxe8 Nxe8 31. Bxf5 Rc7 32. Rf1 Kg8 33. Be6+ Kg7 34. cxd5 Bb5 35. Rf3 Be2 36. Rg3+ Kh8 37. Rg8+ Kh7 38. Rxe8 Rxc3 39. Bf5+ Kg7 40. Rxe2 Rxa3 41. Re7+ Kf8 42. Re6 Ra1+ 43. Kh2 a5 44. Bf6 a4 45. Bg6 Rf1 46. Re8# 1-0

[Event "Politiken Cup 33rd"]
[Site "Helsingor"]
[Date "2011.08.04"]
[Round "7"]
[White "Rasmussen, Ole H"]
[Black "Ostby, Martin Bergsjo"]
[Result "1-0"]
[WhiteElo "1769"]
[BlackElo "1288"]
[PlyCount "127"]
[EventDate "2011.07.30"]
[EventType "swiss"]
[EventRounds "10"]
[EventCountry "DEN"]
[SourceTitle "CBM 143 Extra"]
[Source "ChessBase"]
[SourceDate "2011.08.29"]
[SourceVersion "1"]
[SourceVersionDate "2011.08.29"]
[SourceQuality "1"]

1. e4 e5 2. Nf3 Nc6 3. Bb5 a6 4. Ba4 Nf6 5. 0-0 d6 6. Re1 b5 7. Bb3 Be7 8. c3 Na5 9. Bc2 c5 10. d4 Qc7 11. d5 Bg4 12. b3 0-0 13. Nbd2 c4 14. b4 Nb7 15. h3 Bh5 16. Nf1 Nd7 17. Ng3 Bg6 18. Be3 a5 19. a3 Nb6 20. h4 h6 21. h5 Bh7 22. Qd2 Bf6 23. Nh2 Nd7 24. Qe2 Be7 25. Ng4 Nf6 26. Nxf6+ Bxf6 27. Qg4 Qc8 28. Nf5 Bxf5 29. exf5 Kh8 30. Be4 Qd8 31. Kh1 Bg5 32. Rac1 axb4 33. axb4 Ra3 34. f4 exf4 35. Bxf4 Bxf4 36. Qxf4 Qf6 37. Re3 Rfa8 38. g3 Rb3 39. Bg2 Rf8 40. Qf3 Ra3 41. Qe4 Raa8 42. Qe7 Qxe7 43. Rxe7 Nd8 44. Rce1 f6 45. Rd7 Ra6 46. Ree7 Rg8 47. g4 Kh7 48. Be4 Ra1+ 49. Kg2 Ra6 50. Kf3 Rb6 51. Ke3 Ra6 52. Kd4 Rb6 53. Ra7 Kh8 54. g5 hxg5 55. h6 Kh7 56. hxg7 Rb8 57. Bf3 Kh6 58. Ra1 g4 59. Bxg4 Kg5 60. Rg1 Nb7 61. Bh3+ Kh6 62. Re4 Kh5 63. Bg4+ Kh6 64. Be2 1-0

[Event "Politiken Cup 33rd"]
[Site "Helsingor"]
[Date "2011.08.03"]
[Round "6"]
[White "Ostby, Martin Bergsjo"]
[Black "Andersen, Daniel"]
[Result "0-1"]
[WhiteElo "1288"]
[BlackElo "1963"]
[PlyCount "72"]
[EventDate "2011.07.30"]
[EventType "swiss"]
[EventRounds "10"]
[EventCountry "DEN"]
[SourceTitle "CBM 143 Extra"]
[Source "ChessBase"]
[SourceDate "2011.08.29"]
[SourceVersion "1"]
[SourceVersionDate "2011.08.29"]
[SourceQuality "1"]

1. e4 e6 2. d4 d5 3. e5 c5 4. c3 Nc6 5. Nf3 Bd7 6. Be2 f6 7. exf6 Nxf6 8. Bg5 Qb6 9. Bc1 0-0-0 10. 0-0 Bd6 11. dxc5 Bxc5 12. b4 Bd6 13. Be3 Qc7 14. a4 Kb8 15. h3 e5 16. Na3 e4 17. Nb5 exf3 18. Nxc7 fxe2 19. Na6+ bxa6 20. Qxe2 Bc8 21. b5 Ne5 22. b6 axb6 23. Bxb6 Rde8 24. Rab1 Ka8 25. Qd1 Re7 26. Bd4 Bb7 27. Qb3 Nc4 28. Rbd1 Rhe8 29. f3 Re2 30. Rf2 R2e6 31. Rdf1 Nh5 32. Qb1 Ng3 33. Rd1 Ne2+ 34. Kh1 Bg3 35. Rff1 Nxd4 36. cxd4 Ne3 0-1

[Event "Politiken Cup 33rd"]
[Site "Helsingor"]
[Date "2011.08.02"]
[Round "5"]
[White "Merkesvik, Sondre"]
[Black "Ostby, Martin Bergsjo"]
[Result "0-1"]
[WhiteElo "1762"]
[BlackElo "1288"]
[PlyCount "80"]
[EventDate "2011.07.30"]
[EventType "swiss"]
[EventRounds "10"]
[EventCountry "DEN"]
[SourceTitle "CBM 143 Extra"]
[Source "ChessBase"]
[SourceDate "2011.08.29"]
[SourceVersion "1"]
[SourceVersionDate "2011.08.29"]
[SourceQuality "1"]

1. e4 e5 2. Nf3 Nc6 3. Bc4 Bc5 4. 0-0 Nf6 5. d4 exd4 6. e5 Ng8 7. Nbd2 h6 8. Nb3 Bb6 9. Nbxd4 Nxd4 10. Nxd4 Ne7 11. c3 0-0 12. f4 d5 13. exd6 Qxd6 14. Be3 Nf5 15. Bf2 Nxd4 16. Bxd4 Bf5 17. Kh1 Bxd4 18. Qxd4 Qxd4 19. cxd4 Rad8 20. Rad1 Rd6 21. Bd3 Bg4 22. Rd2 Kh8 23. Be4 c6 24. d5 f5 25. Bf3 Bxf3 26. Rxf3 Rfd8 27. Re2 Rxd5 28. h3 R8d7 29. Kg1 b5 30. Rc3 c5 31. Re8+ Kh7 32. Rc8 c4 33. b3 Rd2 34. bxc4 b4 35. Rb3 Rxa2 36. Rxb4 Rdd2 37. Rb1 Rxg2+ 38. Kf1 Raf2+ 39. Ke1 Rh2 40. Rb7 Ra2 0-1